000 00628nam a2200241Ia 4500
003 OSt
005 20220918214211.0
006 a|||||r|||| 00| 0
007 ta
008 220917b |||||||| |||| 00| 0 eng d
024 _a136,259
037 _cTextual
040 _aARTS
_cARTS
_beng
041 _2eng
_aeng
082 _aX:8F, M0
100 _aKeith Lyman A
_9130182
245 0 _aAccounting
_b a management perspective
260 _aNew Jersey
_bPrentice Hall
_c1980
300 _axiii,434p.
_ccm.
650 _aECONOMICS
942 _hX:8F, M0
_cTEXL
_2CC
999 _c259349
_d259349